[Event "ODJM C 2023"]
[Site "Willingen GER"]
[Date "2023.05.28"]
[Round "2"]
[White "Dotschuweit, Erik"]
[Black "Baihaghi, Arash"]
[Result "0-1"]
[Termination "normal"]
[Board "1"]
[WhiteElo "1332"]
[BlackElo "1226"]
[WhiteClock "01:12:56"]
[BlackClock "01:12:20"]
[PlyCount "79"]
[WhiteFideId "34610146"]
[BlackFideId "34604979"]
[EventCountry "GER"]
[EventRounds "9"]
[EventType "swiss"]
[EventDate "2023.05.27"]

1. e4 {[%clk 01:30:52]} {[%emt 00:00:07]} d5 {[%clk 01:15:57]} {[%emt
00:00:04]} 2. exd5 {[%clk 01:31:12]} {[%emt 00:00:10]} Qxd5 {[%clk 01:16:25]}
{[%emt 00:00:02]} 3. Nc3 {[%clk 01:31:20]} {[%emt 00:00:22]} Qd8 {[%clk
01:16:53]} {[%emt 00:00:02]} 4. d4 {[%clk 01:31:32]} {[%emt 00:00:18]} Nf6
{[%clk 01:17:11]} {[%emt 00:00:12]} 5. Nf3 {[%clk 01:31:30]} {[%emt 00:00:31]}
Bf5 {[%clk 01:17:37]} {[%emt 00:00:04]} 6. Bc4 {[%clk 01:31:36]} {[%emt
00:00:24]} e6 {[%clk 01:18:03]} {[%emt 00:00:05]} 7. O-O {[%clk 01:31:47]}
{[%emt 00:00:18]} c6 {[%clk 01:18:27]} {[%emt 00:00:06]} 8. Re1 {[%clk
01:31:53]} {[%emt 00:00:23]} Be7 {[%clk 01:18:52]} {[%emt 00:00:06]} 9. Bf4
{[%clk 01:30:06]} {[%emt 00:02:16]} O-O {[%clk 01:19:12]} {[%emt 00:00:11]} 10.
Qd2 {[%clk 01:29:56]} {[%emt 00:00:40]} Nbd7 {[%clk 01:19:15]} {[%emt
00:00:28]} 11. Rad1 {[%clk 01:29:29]} {[%emt 00:00:55]} Nb6 {[%clk 01:19:32]}
{[%emt 00:00:14]} 12. Bd3 {[%clk 01:29:15]} {[%emt 00:00:43]} Bg4 {[%clk
01:19:44]} {[%emt 00:00:18]} 13. Qe3 {[%clk 01:26:38]} {[%emt 00:03:08]} Nbd5
{[%clk 01:19:38]} {[%emt 00:00:37]} 14. Nxd5 {[%clk 01:26:25]} {[%emt
00:00:42]} Nxd5 {[%clk 01:19:55]} {[%emt 00:00:12]} 15. Qe4 {[%clk 01:26:45]}
{[%emt 00:00:11]} Bf5 {[%clk 01:18:58]} {[%emt 00:01:27]} 16. Qe5 {[%clk
01:23:20]} {[%emt 00:03:55]} f6 {[%clk 01:18:24]} {[%emt 00:01:04]} 17. Qe2
{[%clk 01:21:27]} {[%emt 00:02:23]} Nxf4 {[%clk 01:18:31]} {[%emt 00:00:24]}
18. Qd2 {[%clk 01:21:06]} {[%emt 00:00:50]} Nxd3 {[%clk 01:18:46]} {[%emt
00:00:14]} 19. cxd3 {[%clk 01:21:18]} {[%emt 00:00:18]} Bg4 {[%clk 01:18:31]}
{[%emt 00:00:46]} 20. Qf4 {[%clk 01:21:01]} {[%emt 00:00:46]} Bxf3 {[%clk
01:18:48]} {[%emt 00:00:13]} 21. Qxf3 {[%clk 01:21:16]} {[%emt 00:00:15]} Qxd4
{[%clk 01:16:24]} {[%emt 00:02:54]} 22. Qh3 {[%clk 01:21:25]} {[%emt 00:00:21]}
Bc5 {[%clk 01:16:11]} {[%emt 00:00:44]} 23. Qxe6+ {[%clk 01:21:16]} {[%emt
00:00:39]} Kh8 {[%clk 01:16:23]} {[%emt 00:00:19]} 24. Re2 {[%clk 01:20:23]}
{[%emt 00:01:22]} Qd6 {[%clk 01:15:15]} {[%emt 00:01:38]} 25. Qf5 {[%clk
01:20:13]} {[%emt 00:00:40]} Rae8 {[%clk 01:15:05]} {[%emt 00:00:39]} 26. Rde1
{[%clk 01:20:08]} {[%emt 00:00:36]} Rxe2 {[%clk 01:14:59]} {[%emt 00:00:37]}
27. Rxe2 {[%clk 01:17:57]} {[%emt 00:02:41]} Qd5 {[%clk 01:14:59]} {[%emt
00:00:28]} 28. Qf4 {[%clk 01:16:17]} {[%emt 00:02:11]} Qxd3 {[%clk 01:14:46]}
{[%emt 00:00:43]} 29. Re1 {[%clk 01:16:25]} {[%emt 00:00:23]} Qd4 {[%clk
01:14:50]} {[%emt 00:00:25]} 30. Qf5 {[%clk 01:15:50]} {[%emt 00:01:05]} Bb4
{[%clk 01:14:39]} {[%emt 00:00:41]} 31. Rb1 {[%clk 01:15:28]} {[%emt 00:00:52]}
Rd8 {[%clk 01:14:51]} {[%emt 00:00:16]} 32. g3 {[%clk 01:15:26]} {[%emt
00:00:34]} Qd5 {[%clk 01:14:47]} {[%emt 00:00:33]} 33. Qg4 {[%clk 01:15:26]}
{[%emt 00:00:29]} Qxa2 {[%clk 01:14:45]} {[%emt 00:00:34]} 34. Qe4 {[%clk
01:15:05]} {[%emt 00:00:50]} Bc5 {[%clk 01:13:49]} {[%emt 00:01:27]} 35. Re1
{[%clk 01:15:02]} {[%emt 00:00:33]} Qd5 {[%clk 01:13:07]} {[%emt 00:01:11]} 36.
Qe2 {[%clk 01:13:50]} {[%emt 00:01:42]} Bb4 {[%clk 01:13:12]} {[%emt 00:00:26]}
37. Rf1 {[%clk 01:14:06]} {[%emt 00:00:14]} Qd2 {[%clk 01:13:07]} {[%emt
00:00:34]} 38. Qe4 {[%clk 01:13:43]} {[%emt 00:00:53]} Qd4 {[%clk 01:12:33]}
{[%emt 00:01:03]} 39. Qe2 {[%clk 01:13:59]} {[%emt 00:00:15]} h6 {[%clk
01:12:20]} {[%emt 00:00:43]} 40. Qc2 {[%clk 01:12:56]} {[%emt 00:01:34]} 0-1

[Event "ODJM C 2023"]
[Site "Willingen GER"]
[Date "2023.05.28"]
[Round "2"]
[White "Hierl, Andreas"]
[Black "Kunst, Jannis"]
[Result "1-0"]
[Termination "normal"]
[Board "2"]
[WhiteElo "1236"]
[BlackElo "1364"]
[WhiteClock "00:44:41"]
[BlackClock "00:43:26"]
[PlyCount "44"]
[WhiteFideId "34660496"]
[BlackFideId "16299710"]
[EventCountry "GER"]
[EventRounds "9"]
[EventType "swiss"]
[EventDate "2023.05.27"]

1. e4 {[%clk 01:30:56]} {[%emt 00:00:03]} e6 {[%clk 01:30:56]} {[%emt
00:00:05]} 2. d4 {[%clk 01:31:19]} {[%emt 00:00:06]} d5 {[%clk 01:31:25]}
{[%emt 00:00:01]} 3. exd5 {[%clk 01:31:37]} {[%emt 00:00:12]} exd5 {[%clk
01:31:54]} {[%emt 00:00:02]} 4. Bd3 {[%clk 01:31:47]} {[%emt 00:00:19]} Nc6
{[%clk 01:32:15]} {[%emt 00:00:09]} 5. c3 {[%clk 01:32:08]} {[%emt 00:00:09]}
Bd6 {[%clk 01:32:37]} {[%emt 00:00:08]} 6. Nf3 {[%clk 01:32:18]} {[%emt
00:00:20]} Nge7 {[%clk 01:33:00]} {[%emt 00:00:07]} 7. h3 {[%clk 01:32:23]}
{[%emt 00:00:26]} Be6 {[%clk 01:33:10]} {[%emt 00:00:19]} 8. O-O {[%clk
01:32:21]} {[%emt 00:00:32]} f6 {[%clk 01:33:26]} {[%emt 00:00:15]} 9. Be3
{[%clk 01:31:21]} {[%emt 00:01:29]} Qd7 {[%clk 01:33:44]} {[%emt 00:00:11]} 10.
Nbd2 {[%clk 01:30:47]} {[%emt 00:01:05]} O-O-O {[%clk 01:34:07]} {[%emt
00:00:08]} 11. c4 {[%clk 01:30:20]} {[%emt 00:00:57]} dxc4 {[%clk 01:23:09]}
{[%emt 00:11:28]} 12. Nxc4 {[%clk 01:28:24]} {[%emt 00:02:25]} Nf5 {[%clk
01:21:40]} {[%emt 00:01:59]} 13. Rc1 {[%clk 01:17:04]} {[%emt 00:11:50]} Be7
{[%clk 01:21:52]} {[%emt 00:00:18]} 14. Bxf5 {[%clk 01:15:36]} {[%emt
00:01:58]} Bxf5 {[%clk 01:22:17]} {[%emt 00:00:05]} 15. Qb3 {[%clk 01:04:17]}
{[%emt 00:11:49]} g5 {[%clk 01:17:43]} {[%emt 00:05:03]} 16. Rfd1 {[%clk
00:57:11]} {[%emt 00:07:36]} Qd5 {[%clk 01:17:56]} {[%emt 00:00:16]} 17. Ne1
{[%clk 00:54:41]} {[%emt 00:03:02]} g4 {[%clk 01:17:24]} {[%emt 00:01:03]} 18.
h4 {[%clk 00:51:55]} {[%emt 00:03:16]} Rhg8 {[%clk 01:08:30]} {[%emt 00:09:23]}
19. g3 {[%clk 00:46:00]} {[%emt 00:06:25]} Na5 {[%clk 00:52:00]} {[%emt
00:17:00]} 20. Nxa5 {[%clk 00:44:49]} {[%emt 00:01:42]} Qxa5 {[%clk 00:52:26]}
{[%emt 00:00:03]} 21. Bf4 {[%clk 00:44:52]} {[%emt 00:00:27]} c6 {[%clk
00:43:26]} {[%emt 00:09:31]} 22. d5 {[%clk 00:44:41]} {[%emt 00:00:41]} Rh8
{[%emt 00:16:43]} 1-0

[Event "ODJM C 2023"]
[Site "Willingen GER"]
[Date "2023.05.28"]
[Round "2"]
[White "Müller, Ariana"]
[Black "Sauer, Ben"]
[Result "0-1"]
[Termination "normal"]
[Board "3"]
[WhiteElo "1148"]
[BlackElo "1340"]
[WhiteClock "00:12:55"]
[BlackClock "01:04:34"]
[PlyCount "148"]
[WhiteFideId "34615024"]
[BlackFideId "34606866"]
[EventCountry "GER"]
[EventRounds "9"]
[EventType "swiss"]
[EventDate "2023.05.27"]

1. e4 {[%clk 01:30:59]} {[%emt 00:00:01]} c5 {[%clk 01:30:55]} {[%emt
00:00:05]} 2. Nf3 {[%clk 01:31:19]} {[%emt 00:00:10]} Nc6 {[%clk 01:31:20]}
{[%emt 00:00:05]} 3. Nc3 {[%clk 01:31:44]} {[%emt 00:00:05]} e6 {[%clk
01:31:43]} {[%emt 00:00:07]} 4. Bc4 {[%clk 01:31:22]} {[%emt 00:00:52]} a6
{[%clk 01:32:00]} {[%emt 00:00:13]} 5. a3 {[%clk 01:30:59]} {[%emt 00:00:53]}
b5 {[%clk 01:32:14]} {[%emt 00:00:16]} 6. Ba2 {[%clk 01:30:48]} {[%emt
00:00:41]} Bb7 {[%clk 01:32:18]} {[%emt 00:00:26]} 7. d3 {[%clk 01:30:35]}
{[%emt 00:00:43]} d6 {[%clk 01:32:29]} {[%emt 00:00:19]} 8. O-O {[%clk
01:30:19]} {[%emt 00:00:46]} Nf6 {[%clk 01:32:50]} {[%emt 00:00:09]} 9. Bg5
{[%clk 01:29:52]} {[%emt 00:00:57]} Be7 {[%clk 01:32:57]} {[%emt 00:00:24]} 10.
Be3 {[%clk 01:29:05]} {[%emt 00:01:16]} Qd7 {[%clk 01:32:50]} {[%emt 00:00:37]}
11. Re1 {[%clk 01:24:46]} {[%emt 00:04:48]} h6 {[%clk 01:31:12]} {[%emt
00:02:09]} 12. d4 {[%clk 01:21:16]} {[%emt 00:04:00]} c4 {[%clk 01:30:50]}
{[%emt 00:00:52]} 13. b3 {[%clk 01:16:29]} {[%emt 00:05:17]} cxb3 {[%clk
01:31:04]} {[%emt 00:00:16]} 14. Bxb3 {[%clk 01:16:47]} {[%emt 00:00:12]} g5
{[%clk 01:30:56]} {[%emt 00:00:38]} 15. d5 {[%clk 01:14:22]} {[%emt 00:02:55]}
Na5 {[%clk 01:29:47]} {[%emt 00:01:39]} 16. e5 {[%clk 01:05:48]} {[%emt
00:09:04]} Ng4 {[%clk 01:26:47]} {[%emt 00:03:31]} 17. Bd4 {[%clk 01:04:28]}
{[%emt 00:01:46]} dxe5 {[%clk 01:20:09]} {[%emt 00:07:11]} 18. Nxe5 {[%clk
01:02:34]} {[%emt 00:02:23]} Nxe5 {[%clk 01:20:05]} {[%emt 00:00:35]} 19. Bxe5
{[%clk 01:01:37]} {[%emt 00:01:27]} Rg8 {[%clk 01:20:20]} {[%emt 00:00:15]} 20.
dxe6 {[%clk 01:00:00]} {[%emt 00:02:07]} fxe6 {[%clk 01:18:14]} {[%emt
00:02:35]} 21. Qxd7+ {[%clk 00:59:45]} {[%emt 00:00:45]} Kxd7 {[%clk 01:18:30]}
{[%emt 00:00:14]} 22. Rad1+ {[%clk 00:59:28]} {[%emt 00:00:48]} Ke8 {[%clk
01:18:26]} {[%emt 00:00:33]} 23. Bxe6 {[%clk 00:59:08]} {[%emt 00:00:50]} Rg6
{[%clk 01:18:37]} {[%emt 00:00:19]} 24. Bd7+ {[%clk 00:57:42]} {[%emt
00:01:57]} Kf7 {[%clk 01:18:50]} {[%emt 00:00:16]} 25. Bf5 {[%clk 00:56:03]}
{[%emt 00:02:05]} Rc6 {[%clk 01:17:38]} {[%emt 00:01:47]} 26. Be4 {[%clk
00:55:35]} {[%emt 00:00:58]} Rcc8 {[%clk 01:17:21]} {[%emt 00:00:47]} 27. Rd7
{[%clk 00:52:22]} {[%emt 00:03:36]} Bxe4 {[%clk 01:16:41]} {[%emt 00:01:16]}
28. Nxe4 {[%clk 00:48:46]} {[%emt 00:04:06]} Ke8 {[%clk 01:15:22]} {[%emt
00:01:49]} 29. Rd5 {[%clk 00:43:36]} {[%emt 00:05:36]} Rxc2 {[%clk 01:15:03]}
{[%emt 00:00:54]} 30. Bd6 {[%clk 00:35:16]} {[%emt 00:08:49]} Bxd6 {[%clk
01:14:55]} {[%emt 00:00:38]} 31. Nxd6+ {[%clk 00:34:41]} {[%emt 00:01:05]} Kf8
{[%clk 01:14:59]} {[%emt 00:00:26]} 32. Rf5+ {[%clk 00:32:34]} {[%emt
00:02:37]} Kg8 {[%clk 01:14:52]} {[%emt 00:00:38]} 33. g3 {[%clk 00:32:01]}
{[%emt 00:01:03]} Rf8 {[%clk 01:14:31]} {[%emt 00:00:51]} 34. Rxf8+ {[%clk
00:31:03]} {[%emt 00:01:27]} Kxf8 {[%clk 01:15:00]} {[%emt 00:00:01]} 35. Re8+
{[%clk 00:30:35]} {[%emt 00:00:58]} Kg7 {[%clk 01:15:15]} {[%emt 00:00:16]} 36.
Nf5+ {[%clk 00:29:47]} {[%emt 00:01:18]} Kg6 {[%clk 01:15:19]} {[%emt
00:00:25]} 37. g4 {[%clk 00:29:11]} {[%emt 00:01:06]} Rc4 {[%clk 01:14:56]}
{[%emt 00:00:54]} 38. Re6+ {[%clk 00:28:29]} {[%emt 00:01:12]} Kf7 {[%clk
01:14:51]} {[%emt 00:00:35]} 39. Rxa6 {[%clk 00:26:50]} {[%emt 00:02:09]} Rxg4+
{[%clk 01:15:04]} {[%emt 00:00:17]} 40. Kf1 {[%clk 00:26:51]} {[%emt 00:00:28]}
Ra4 {[%clk 01:15:26]} {[%emt 00:00:09]} 41. Nd6+ {[%clk 00:26:18]} {[%emt
00:01:03]} Ke7 {[%clk 01:07:16]} {[%emt 00:08:40]} 42. Nxb5 {[%clk 00:26:22]}
{[%emt 00:00:25]} h5 {[%clk 01:06:46]} {[%emt 00:01:00]} 43. Kg2 {[%clk
00:26:21]} {[%emt 00:00:32]} Kd7 {[%clk 01:06:37]} {[%emt 00:00:39]} 44. Rd6+
{[%clk 00:24:34]} {[%emt 00:02:16]} Kc8 {[%clk 01:06:32]} {[%emt 00:00:35]} 45.
Rd3 {[%clk 00:22:44]} {[%emt 00:02:20]} Kb7 {[%clk 01:06:23]} {[%emt 00:00:40]}
46. Nd6+ {[%clk 00:20:22]} {[%emt 00:02:41]} Kc6 {[%clk 01:05:21]} {[%emt
00:01:43]} 47. f3 {[%clk 00:18:12]} {[%emt 00:02:39]} g4 {[%clk 01:02:59]}
{[%emt 00:02:52]} 48. Ne4 {[%clk 00:17:35]} {[%emt 00:01:07]} gxf3+ {[%clk
01:02:46]} {[%emt 00:00:43]} 49. Rxf3 {[%clk 00:15:22]} {[%emt 00:02:43]} Rxe4
{[%clk 01:03:00]} {[%emt 00:00:16]} 50. Rf6+ {[%clk 00:15:10]} {[%emt
00:00:43]} Kd5 {[%clk 01:02:53]} {[%emt 00:00:36]} 51. Rf5+ {[%clk 00:15:09]}
{[%emt 00:00:31]} Re5 {[%clk 01:03:17]} {[%emt 00:00:07]} 52. Rxe5+ {[%clk
00:15:07]} {[%emt 00:00:31]} Kxe5 {[%clk 01:03:05]} {[%emt 00:00:43]} 53. Kh3
{[%clk 00:15:16]} {[%emt 00:00:21]} Kf5 {[%clk 01:03:23]} {[%emt 00:00:11]} 54.
Kh4 {[%clk 00:14:19]} {[%emt 00:01:27]} Kg6 {[%clk 01:03:40]} {[%emt 00:00:14]}
55. a4 {[%clk 00:14:25]} {[%emt 00:00:25]} Nb3 {[%clk 01:03:25]} {[%emt
00:00:44]} 56. Kh3 {[%clk 00:14:08]} {[%emt 00:00:46]} Kg5 {[%clk 01:03:40]}
{[%emt 00:00:15]} 57. Kg2 {[%clk 00:14:03]} {[%emt 00:00:36]} Kg4 {[%clk
01:03:42]} {[%emt 00:00:28]} 58. h3+ {[%clk 00:13:48]} {[%emt 00:00:45]} Kf4
{[%clk 01:04:03]} {[%emt 00:00:09]} 59. Kh2 {[%clk 00:13:48]} {[%emt 00:00:30]}
h4 {[%clk 01:04:13]} {[%emt 00:00:19]} 60. Kg2 {[%clk 00:13:59]} {[%emt
00:00:19]} Ke3 {[%clk 01:03:53]} {[%emt 00:00:50]} 61. Kg1 {[%clk 00:12:37]}
{[%emt 00:01:52]} Kf3 {[%clk 01:02:04]} {[%emt 00:02:19]} 62. a5 {[%clk
00:11:23]} {[%emt 00:01:44]} Nxa5 {[%clk 01:02:27]} {[%emt 00:00:07]} 63. Kh2
{[%clk 00:11:31]} {[%emt 00:00:22]} Nb3 {[%clk 01:02:26]} {[%emt 00:00:31]} 64.
Kh1 {[%clk 00:11:28]} {[%emt 00:00:33]} Nc5 {[%clk 01:02:47]} {[%emt 00:00:09]}
65. Kg1 {[%clk 00:11:10]} {[%emt 00:00:48]} Kg3 {[%clk 01:03:06]} {[%emt
00:00:11]} 66. Kh1 {[%clk 00:11:23]} {[%emt 00:00:17]} Kxh3 {[%clk 01:03:30]}
{[%emt 00:00:05]} 67. Kg1 {[%clk 00:11:49]} {[%emt 00:00:04]} Kg3 {[%clk
01:03:52]} {[%emt 00:00:09]} 68. Kh1 {[%clk 00:11:46]} {[%emt 00:00:32]} Ne4
{[%clk 01:04:11]} {[%emt 00:00:11]} 69. Kg1 {[%clk 00:12:06]} {[%emt 00:00:10]}
Nf2 {[%clk 01:04:32]} {[%emt 00:00:10]} 70. Kf1 {[%clk 00:12:24]} {[%emt
00:00:11]} h3 {[%clk 01:04:51]} {[%emt 00:00:12]} 71. Kg1 {[%clk 00:12:18]}
{[%emt 00:00:36]} h2+ {[%clk 01:05:06]} {[%emt 00:00:15]} 72. Kf1 {[%clk
00:12:42]} {[%emt 00:00:05]} h1=Q+ {[%emt 00:00:38]} 73. Ke2 {[%emt 00:00:11]}
Qd1+ {[%clk 01:04:41]} {[%emt 00:00:07]} 74. Ke3 {[%clk 00:12:55]} {[%emt
00:00:17]} Qd3# {[%clk 01:04:34]} {[%emt 00:00:04]} 0-1

[Event "ODJM C 2023"]
[Site "Willingen GER"]
[Date "2023.05.28"]
[Round "2"]
[White "Weidenhöfer, Ben"]
[Black "Neumeier, Leonhard"]
[Result "1/2-1/2"]
[Termination "normal"]
[Board "4"]
[WhiteElo "1180"]
[BlackElo "1219"]
[WhiteClock "00:01:24"]
[BlackClock "00:06:24"]
[PlyCount "146"]
[WhiteFideId "16273702"]
[BlackFideId "34650822"]
[EventCountry "GER"]
[EventRounds "9"]
[EventType "swiss"]
[EventDate "2023.05.27"]

1. d4 {[%clk 01:30:57]} {[%emt 00:00:03]} d5 {[%clk 01:30:51]} {[%emt
00:00:10]} 2. e3 {[%clk 01:31:16]} {[%emt 00:00:11]} c6 {[%clk 01:30:36]}
{[%emt 00:00:45]} 3. Bd3 {[%clk 01:30:46]} {[%emt 00:01:00]} Nf6 {[%clk
01:29:44]} {[%emt 00:01:22]} 4. f4 {[%clk 01:29:22]} {[%emt 00:01:54]} Bg4
{[%clk 01:27:55]} {[%emt 00:02:18]} 5. Nf3 {[%clk 01:28:49]} {[%emt 00:01:03]}
e6 {[%clk 01:26:37]} {[%emt 00:01:49]} 6. O-O {[%clk 01:27:00]} {[%emt
00:02:19]} Nbd7 {[%clk 01:23:19]} {[%emt 00:03:48]} 7. Nbd2 {[%clk 01:25:47]}
{[%emt 00:01:43]} Bb4 {[%clk 01:20:55]} {[%emt 00:02:54]} 8. c3 {[%clk
01:24:40]} {[%emt 00:01:37]} Ba5 {[%clk 01:20:27]} {[%emt 00:00:58]} 9. Qe1
{[%clk 01:19:38]} {[%emt 00:05:31]} c5 {[%clk 01:16:05]} {[%emt 00:04:53]} 10.
Ne5 {[%clk 01:12:37]} {[%emt 00:07:30]} c4 {[%clk 01:11:36]} {[%emt 00:05:00]}
11. Bc2 {[%clk 01:08:08]} {[%emt 00:04:55]} b5 {[%clk 01:07:48]} {[%emt
00:04:21]} 12. a3 {[%clk 01:03:59]} {[%emt 00:04:39]} Bb6 {[%clk 01:02:32]}
{[%emt 00:05:46]} 13. Qg3 {[%clk 00:56:30]} {[%emt 00:07:58]} Be2 {[%clk
01:00:21]} {[%emt 00:02:41]} 14. Qxg7 {[%clk 00:47:32]} {[%emt 00:09:29]} Ke7
{[%clk 00:56:36]} {[%emt 00:04:16]} 15. Nc6+ {[%clk 00:46:49]} {[%emt
00:01:13]} Kd6 {[%clk 00:55:53]} {[%emt 00:01:13]} 16. Nxd8 {[%clk 00:46:58]}
{[%emt 00:00:21]} Raxd8 {[%clk 00:56:01]} {[%emt 00:00:22]} 17. Re1 {[%clk
00:45:03]} {[%emt 00:02:25]} Bh5 {[%clk 00:54:18]} {[%emt 00:02:12]} 18. Qg3
{[%clk 00:44:58]} {[%emt 00:00:36]} Rhg8 {[%clk 00:54:11]} {[%emt 00:00:37]}
19. Qf2 {[%clk 00:42:38]} {[%emt 00:02:49]} Ng4 {[%clk 00:53:28]} {[%emt
00:01:13]} 20. Qf3 {[%clk 00:41:06]} {[%emt 00:02:02]} Ngf6 {[%clk 00:52:23]}
{[%emt 00:01:35]} 21. Qf1 {[%clk 00:37:27]} {[%emt 00:04:09]} Rg7 {[%clk
00:51:39]} {[%emt 00:01:14]} 22. Bd1 {[%clk 00:36:11]} {[%emt 00:01:46]} Bg6
{[%clk 00:50:56]} {[%emt 00:01:14]} 23. Nf3 {[%clk 00:35:58]} {[%emt 00:00:42]}
Be4 {[%clk 00:50:36]} {[%emt 00:00:51]} 24. Bd2 {[%clk 00:34:05]} {[%emt
00:02:22]} Rdg8 {[%clk 00:46:49]} {[%emt 00:04:18]} 25. a4 {[%clk 00:25:54]}
{[%emt 00:08:41]} bxa4 {[%clk 00:46:15]} {[%emt 00:01:04]} 26. Rxa4 {[%clk
00:25:55]} {[%emt 00:00:29]} a5 {[%clk 00:45:41]} {[%emt 00:01:03]} 27. Ng5
{[%clk 00:24:36]} {[%emt 00:01:49]} Bd3 {[%clk 00:44:35]} {[%emt 00:01:36]} 28.
Qf2 {[%clk 00:21:23]} {[%emt 00:03:43]} Ne4 {[%clk 00:44:05]} {[%emt 00:01:00]}
29. Nxe4+ {[%clk 00:18:54]} {[%emt 00:02:59]} Bxe4 {[%clk 00:44:21]} {[%emt
00:00:14]} 30. Bf3 {[%clk 00:18:11]} {[%emt 00:01:14]} Nf6 {[%clk 00:43:42]}
{[%emt 00:01:09]} 31. g3 {[%clk 00:17:17]} {[%emt 00:01:24]} Bc2 {[%clk
00:43:49]} {[%emt 00:00:23]} 32. Ra3 {[%clk 00:17:17]} {[%emt 00:00:29]} Ne4
{[%clk 00:39:04]} {[%emt 00:05:16]} 33. Bxe4 {[%clk 00:16:29]} {[%emt
00:01:18]} Bxe4 {[%clk 00:39:24]} {[%emt 00:00:10]} 34. Rea1 {[%clk 00:16:07]}
{[%emt 00:00:52]} Bd8 {[%clk 00:38:41]} {[%emt 00:01:13]} 35. Bc1 {[%clk
00:15:24]} {[%emt 00:01:12]} Bh4 {[%clk 00:38:12]} {[%emt 00:00:59]} 36. Bd2
{[%clk 00:05:13]} {[%emt 00:10:41]} Bxg3 {[%clk 00:37:44]} {[%emt 00:00:58]}
37. hxg3 {[%clk 00:04:34]} {[%emt 00:01:10]} Rxg3+ {[%clk 00:38:00]} {[%emt
00:00:14]} 38. Qxg3 {[%clk 00:01:42]} {[%emt 00:03:22]} Rxg3+ {[%clk 00:38:16]}
{[%emt 00:00:14]} 39. Kf2 {[%clk 00:02:03]} {[%emt 00:00:07]} Rg2+ {[%clk
00:38:34]} {[%emt 00:00:13]} 40. Ke1 {[%clk 00:02:17]} {[%emt 00:00:16]} Rg1+
{[%clk 00:38:33]} {[%emt 00:00:31]} 41. Kf2 {[%clk 00:02:30]} {[%emt 00:00:17]}
Rg2+ {[%clk 00:38:42]} {[%emt 00:00:22]} 42. Kf1 {[%clk 00:02:53]} {[%emt
00:00:06]} Rxd2 {[%clk 00:38:38]} {[%emt 00:00:35]} 43. Rxa5 {[%clk 00:03:04]}
{[%emt 00:00:19]} Bg2+ {[%clk 00:38:26]} {[%emt 00:00:41]} 44. Kg1 {[%clk
00:03:12]} {[%emt 00:00:21]} h5 {[%clk 00:38:18]} {[%emt 00:00:39]} 45. Ra7
{[%clk 00:03:26]} {[%emt 00:00:17]} Kc6 {[%clk 00:37:23]} {[%emt 00:01:25]} 46.
Rxf7 {[%clk 00:03:12]} {[%emt 00:00:44]} h4 {[%clk 00:37:19]} {[%emt 00:00:34]}
47. Rh7 {[%clk 00:03:00]} {[%emt 00:00:41]} h3 {[%clk 00:37:30]} {[%emt
00:00:20]} 48. Ra6+ {[%clk 00:02:46]} {[%emt 00:00:44]} Kb5 {[%clk 00:37:34]}
{[%emt 00:00:26]} 49. Rxe6 {[%clk 00:02:54]} {[%emt 00:00:21]} Rd1+ {[%clk
00:37:31]} {[%emt 00:00:33]} 50. Kh2 {[%emt 00:00:44]} Rh1+ {[%clk 00:37:45]}
51. Kg3 {[%clk 00:03:13]} {[%emt 00:00:12]} Bf1 {[%clk 00:35:44]} {[%emt
00:02:32]} 52. Rb7+ {[%clk 00:01:12]} {[%emt 00:02:31]} Ka5 {[%clk 00:36:05]}
{[%emt 00:00:08]} 53. Re8 {[%clk 00:01:23]} {[%emt 00:00:20]} Ka6 {[%clk
00:34:12]} {[%emt 00:02:23]} 54. Rb4 {[%clk 00:01:12]} {[%emt 00:00:38]} Ka7
{[%clk 00:33:50]} {[%emt 00:00:55]} 55. Reb8 {[%clk 00:00:44]} {[%emt
00:00:57]} Bg2 {[%clk 00:28:15]} {[%emt 00:06:05]} 56. R8b7+ {[%clk 00:00:46]}
{[%emt 00:00:28]} Ka6 {[%clk 00:28:08]} {[%emt 00:00:38]} 57. R4b6+ {[%clk
00:00:36]} {[%emt 00:00:39]} Ka5 {[%clk 00:28:06]} {[%emt 00:00:33]} 58. b3
{[%clk 00:00:50]} {[%emt 00:00:15]} Rg1 {[%clk 00:25:48]} {[%emt 00:02:48]} 59.
Rb5+ {[%clk 00:00:36]} {[%emt 00:00:45]} Ka6 {[%clk 00:25:54]} {[%emt
00:00:24]} 60. Rb4 {[%clk 00:00:49]} {[%emt 00:00:17]} Rc1 {[%clk 00:16:28]}
{[%emt 00:09:56]} 61. R4b6+ {[%clk 00:00:49]} {[%emt 00:00:30]} Ka5 {[%clk
00:15:58]} {[%emt 00:01:00]} 62. Rb5+ {[%clk 00:00:34]} {[%emt 00:00:45]} Ka6
{[%clk 00:16:19]} {[%emt 00:00:09]} 63. Rb8 {[%clk 00:00:57]} {[%emt 00:00:07]}
Rc2 {[%clk 00:15:51]} {[%emt 00:00:58]} 64. Rb4 {[%clk 00:00:51]} {[%emt
00:00:35]} Ka7 {[%clk 00:15:49]} {[%emt 00:00:32]} 65. f5 {[%clk 00:00:46]}
{[%emt 00:00:36]} Bf1 {[%clk 00:16:08]} {[%emt 00:00:11]} 66. Rh8 {[%clk
00:00:45]} {[%emt 00:00:30]} Rg2+ {[%clk 00:15:56]} {[%emt 00:00:42]} 67. Kf3
{[%clk 00:00:44]} {[%emt 00:00:30]} Be2+ {[%clk 00:14:33]} {[%emt 00:01:55]}
68. Kf4 {[%clk 00:00:45]} {[%emt 00:00:29]} h2 {[%clk 00:13:22]} {[%emt
00:01:41]} 69. bxc4 {[%clk 00:00:38]} {[%emt 00:00:37]} dxc4 {[%clk 00:12:51]}
{[%emt 00:01:01]} 70. Rxc4 {[%clk 00:00:56]} {[%emt 00:00:12]} Bxc4 {[%clk
00:13:07]} {[%emt 00:00:14]} 71. f6 {[%clk 00:00:55]} {[%emt 00:00:31]} Bd5
{[%clk 00:11:58]} {[%emt 00:01:39]} 72. Ke5 {[%clk 00:01:10]} {[%emt 00:00:15]}
Rg5+ {[%clk 00:08:12]} {[%emt 00:04:15]} 73. Kf4 {[%clk 00:01:24]} {[%emt
00:00:15]} Rg2 {[%clk 00:06:24]} {[%emt 00:02:19]} 1/2-1/2